000 00633nam a2200241 i 4500
001 C2-0136179
003 PPAK
005 20180727124136.0
008 971213s1992 nyua|||| ||||| | eng d
020 _a0689716427
040 _aPPAK
_beng
_cPPAK
_erda
082 0 4 _a513.211
_223
090 0 0 _a513.211
_bSER
_dK
100 1 _aSerfozo, Mary,
_eauthor
245 1 0 _aWho wants one ?
264 1 _aNew York :
_bAladdin ,
_c1992
300 _a[28 pages] :
_bcolour illustrations ;
_c21 cm
336 _2rdacontent
_atext
337 _2rdamedia
_aunmediated
338 _2rdacarrier
_avolume
650 1 0 _aCounting
942 _ddc
_cB
999 _c42830
_d42830